| 000 | 00745nam a2200205 a 4500 | ||
|---|---|---|---|
| 008 | 061107s2006 ||||||||||||||||| || u | ||
| 020 | _a9839054465 | ||
| 050 | _aHC 415.15 Ham. | ||
| 100 | _aHamadeh, Shadi | ||
| 245 | 1 | 0 | _aResearch for development in the dry Arab region |
| 246 | _athe cactus flower | ||
| 260 |
_aOttawa _bIDRC _c2006 |
||
| 300 | _axvi ; 123p. ; ill. | ||
| 350 | _a0.00 | ||
| 650 | _aLEBANON--SOCIAL LIFE AND CUSTOMS--RESEARCH | ||
| 650 | 0 | _aECONOMICS | |
| 650 | _aLEBANON--ECONOMIC CONDITIONS--RESEARCH | ||
| 700 | _aHaidar, Mona Zurayk, Rami | ||
| 995 |
_D0.00 _FCBU-MAIN LIBRARY (Kitwe) _H1 _I0.00 _M1 _UAVAILABLE _WNov 7, 2006 _ZMain Library Open Access Collection |
||
| 999 |
_c56298 _d56298 |
||